[Event "Wch Rapid"]
[Site "Doha"]
[Date "2016.12.28"]
[Round "15"]
[White "Radjabov, Teimour"]
[Black "Vidit, Santosh Gujrathi"]
[Result "0-1"]
[WhiteElo "2710"]
[BlackElo "2689"]
[PlyCount "74"]
[EventDate "2016.12.26"]
[EventType "swiss (rapid)"]
[EventRounds "15"]
[EventCountry "QAT"]
[SourceTitle "CBM 176"]
[Source "ChessBase"]
[SourceDate "2017.01.17"]
[SourceVersion "1"]
[SourceVersionDate "2017.01.17"]
[SourceQuality "1"]

1. e4 c6 2. Nc3 d5 3. Nf3 Nf6 4. e5 Ne4 5. Be2 Nxc3 6. dxc3 Bg4 7. Ng5 Bxe2 8.
Qxe2 h6 9. Qh5 g6 10. Qh3 Bg7 11. Nf3 e6 12. O-O Nd7 13. Re1 Qc7 14. Bf4 O-O-O
15. a4 Bf8 16. Be3 Kb8 17. a5 Bg7 18. Bf4 Rdg8 19. Bg3 Nc5 20. Nd2 h5 21. Bf4
g5 22. Bxg5 Bxe5 23. Be3 Nd7 24. a6 b6 25. Nf3 Bd6 26. c4 Ne5 27. cxd5 cxd5 28.
Bd4 Nxf3+ 29. Qxf3 Rh6 30. Kf1 Rhg6 31. g3 Rg4 32. c3 R4g5 33. Qd3 h4 34. Re3
hxg3 35. hxg3 e5 36. Rae1 Rd8 37. f4 exd4 0-1

[Event "Wch Blitz"]
[Site "Doha"]
[Date "2016.12.29"]
[Round "1"]
[White "Radjabov, Teimour"]
[Black "Al Sayed, Mohammed"]
[Result "1-0"]
[WhiteElo "2710"]
[BlackElo "2508"]
[PlyCount "55"]
[EventDate "2016.12.29"]
[EventType "swiss (blitz)"]
[EventRounds "21"]
[EventCountry "QAT"]
[SourceTitle "CBM 176 Extra"]
[Source "ChessBase"]
[SourceDate "2017.03.02"]
[SourceVersion "1"]
[SourceVersionDate "2017.03.02"]
[SourceQuality "1"]

1. d4 d5 2. Nf3 Nf6 3. c4 c6 4. Nc3 e6 5. cxd5 exd5 6. Qc2 g6 7. Bf4 Bf5 8. Qc1
Nbd7 9. h3 Qa5 10. g4 Be4 11. Bg2 Bg7 12. Bd6 Bxf3 13. Bxf3 O-O-O 14. O-O Nb6
15. b4 Qa6 16. b5 Qa5 17. Bg3 h5 18. bxc6 bxc6 19. g5 Ne8 20. Qf4 Nd6 21. Rfc1
Kd7 22. Rab1 Nbc4 23. e4 Rb8 24. Rxb8 Rxb8 25. exd5 Re8 26. dxc6+ Kc8 27. Ne4
Bf8 28. Rxc4 1-0

[Event "Wch Blitz"]
[Site "Doha"]
[Date "2016.12.29"]
[Round "2"]
[White "Borisek, Jure"]
[Black "Radjabov, Teimour"]
[Result "0-1"]
[WhiteElo "2561"]
[BlackElo "2710"]
[PlyCount "138"]
[EventDate "2016.12.29"]
[EventType "swiss (blitz)"]
[EventRounds "21"]
[EventCountry "QAT"]
[SourceTitle "CBM 176 Extra"]
[Source "ChessBase"]
[SourceDate "2017.03.02"]
[SourceVersion "1"]
[SourceVersionDate "2017.03.02"]
[SourceQuality "1"]

1. e4 e5 2. Nf3 Nc6 3. Bb5 f5 4. d3 fxe4 5. dxe4 Nf6 6. O-O Bc5 7. Bxc6 bxc6 8.
Nxe5 O-O 9. Nc3 d6 10. Na4 Qe8 11. Nxc5 Qxe5 12. Nd3 Qxe4 13. f3 Qd4+ 14. Nf2
Qb6 15. b3 Ba6 16. Re1 Rae8 17. Rxe8 Rxe8 18. Bb2 Qe3 19. Bd4 Qg5 20. c4 c5 21.
Bxf6 Qxf6 22. Ne4 Qe5 23. Qd5+ Qxd5 24. cxd5 Bd3 25. Nc3 a6 26. Kf2 Kf7 27. Rd1
Bf5 28. g4 Bd7 29. h4 h6 30. h5 a5 31. Rd3 Rb8 32. Ne4 Rb4 33. Ke3 Bb5 34. Rd2
Ba6 35. Nc3 Bc8 36. Ne2 a4 37. bxa4 Rxa4 38. Nc3 Ra3 39. Kd3 Kf6 40. Rb2 Ra8
41. Ke4 Kg5 42. Ke3 Kf6 43. Kf4 Ba6 44. Ne4+ Kf7 45. g5 Rf8 46. gxh6 gxh6 47.
Kg3 Ke7 48. Kg4 Bc4 49. Rb7 Kd7 50. Nc3 Rg8+ 51. Kf4 Rg5 52. Ne4 Rxh5 53. Rb8
Rh1 54. Nf6+ Ke7 55. Kf5 Bd3+ 56. Ne4 Rf1 57. Kf4 Be2 58. Ke3 Bc4 59. Rc8 Kd7
60. Rh8 Bxd5 61. a4 Ra1 62. Rxh6 Rxa4 63. Nf6+ Kc6 64. f4 Ra3+ 65. Kd2 Rf3 66.
Rh5 Be6 67. Rh7 Rxf4 68. Ne8 Bd7 69. Ng7 Rf7 0-1

[Event "Wch Blitz"]
[Site "Doha"]
[Date "2016.12.29"]
[Round "3"]
[White "Radjabov, Teimour"]
[Black "Bok, Benjamin"]
[Result "1-0"]
[WhiteElo "2710"]
[BlackElo "2598"]
[PlyCount "125"]
[EventDate "2016.12.29"]
[EventType "swiss (blitz)"]
[EventRounds "21"]
[EventCountry "QAT"]
[SourceTitle "CBM 176 Extra"]
[Source "ChessBase"]
[SourceDate "2017.03.02"]
[SourceVersion "1"]
[SourceVersionDate "2017.03.02"]
[SourceQuality "1"]

1. Nf3 c5 2. g3 g6 3. Bg2 Bg7 4. c3 e5 5. d3 Ne7 6. O-O O-O 7. a3 d5 8. e4 Nbc6
9. Re1 h6 10. b4 dxe4 11. dxe4 Be6 12. Be3 c4 13. a4 Qxd1 14. Rxd1 f5 15. Na3
f4 16. Bc5 b6 17. Bxe7 Nxe7 18. Nd2 Rac8 19. Bf1 fxg3 20. hxg3 Kh7 21. Ndxc4
Rfd8 22. Rxd8 Rxd8 23. Ne3 h5 24. Bc4 Bc8 25. Rd1 Rxd1+ 26. Nxd1 Bg4 27. Ne3
Bf3 28. Bd3 Ng8 29. Nac4 Nf6 30. Nd2 Bg4 31. Nxg4 Nxg4 32. Kg2 Kg8 33. Nc4 Bh6
34. Be2 Nf6 35. f3 Nd7 36. Kf2 Kf8 37. Bf1 g5 38. Bh3 g4 39. fxg4 Nf6 40. Kf3
hxg4+ 41. Bxg4 Ke7 42. Bf5 Bc1 43. g4 Ne8 44. Nxe5 Bd2 45. Nc6+ Kf6 46. e5+ Kg5
47. Bd7 Nc7 48. Ke4 Bxc3 49. b5 a6 50. Kd3 Bb2 51. Kc4 axb5+ 52. axb5 Kg6 53.
Bf5+ Kf7 54. g5 Ba3 55. Nb8 Bb2 56. Nd7 Ke7 57. g6 Ba1 58. Nxb6 Bxe5 59. Nd5+
Kd6 60. Nxc7 Kxc7 61. Kd5 Bc3 62. Ke6 Kb6 63. Bd3 1-0

[Event "Wch Blitz"]
[Site "Doha"]
[Date "2016.12.29"]
[Round "4"]
[White "Adly, Ahmed"]
[Black "Radjabov, Teimour"]
[Result "1/2-1/2"]
[WhiteElo "2599"]
[BlackElo "2710"]
[PlyCount "72"]
[EventDate "2016.12.29"]
[EventType "swiss (blitz)"]
[EventRounds "21"]
[EventCountry "QAT"]
[SourceTitle "CBM 176 Extra"]
[Source "ChessBase"]
[SourceDate "2017.03.02"]
[SourceVersion "1"]
[SourceVersionDate "2017.03.02"]
[SourceQuality "1"]

1. d4 Nf6 2. c4 e6 3. Nf3 d5 4. Nc3 Be7 5. e3 O-O 6. Be2 b6 7. cxd5 exd5 8. O-O
Bb7 9. Ne5 c5 10. f4 Nc6 11. Kh1 Ne4 12. Bb5 Rc8 13. Nxe4 dxe4 14. dxc5 Nxe5
15. fxe5 Rxc5 16. Ba4 Rxe5 17. Bb3 Bd5 18. Qe2 Bxb3 19. axb3 a5 20. Bd2 Qd3 21.
Qf2 Re6 22. Bc3 Bf6 23. Rfd1 Qb5 24. Bxf6 Rxf6 25. Qc2 Re8 26. h3 h6 27. Rd4
Qe5 28. b4 axb4 29. Rxb4 Kh7 30. Rd4 Ree6 31. Kg1 Re8 32. Raa4 Rfe6 33. Ra7 Rf6
34. Raa4 Rfe6 35. Ra7 R8e7 36. Ra8 Re8 1/2-1/2

[Event "Wch Blitz"]
[Site "Doha"]
[Date "2016.12.29"]
[Round "5"]
[White "Radjabov, Teimour"]
[Black "Yu, Yangyi"]
[Result "0-1"]
[WhiteElo "2710"]
[BlackElo "2729"]
[PlyCount "68"]
[EventDate "2016.12.29"]
[EventType "swiss (blitz)"]
[EventRounds "21"]
[EventCountry "QAT"]
[SourceTitle "CBM 176 Extra"]
[Source "ChessBase"]
[SourceDate "2017.03.02"]
[SourceVersion "1"]
[SourceVersionDate "2017.03.02"]
[SourceQuality "1"]

1. Nf3 Nf6 2. b3 c5 3. c4 d6 4. g3 e5 5. Bb2 g6 6. Bg2 Bg7 7. d3 O-O 8. Nc3 Nc6
9. Nd2 Rb8 10. O-O Be6 11. Rc1 Qd7 12. Re1 Bh3 13. Bh1 h5 14. Nde4 Nh7 15. Nd2
h4 16. Nd5 hxg3 17. hxg3 Ne7 18. e3 Be6 19. Nxe7+ Qxe7 20. Bg2 Ng5 21. f4 Nh3+
22. Bxh3 Bxh3 23. Qf3 e4 24. Nxe4 Bxb2 25. Rc2 Bg7 26. g4 f5 27. Qxh3 fxe4 28.
Rh2 exd3 29. f5 Be5 30. Rg2 Kg7 31. g5 Rxf5 32. Qh6+ Kf7 33. e4 Bd4+ 34. Kh1
Rh8 0-1

[Event "Wch Blitz"]
[Site "Doha"]
[Date "2016.12.29"]
[Round "6"]
[White "Korobov, Anton"]
[Black "Radjabov, Teimour"]
[Result "0-1"]
[WhiteElo "2692"]
[BlackElo "2710"]
[PlyCount "106"]
[EventDate "2016.12.29"]
[EventType "swiss (blitz)"]
[EventRounds "21"]
[EventCountry "QAT"]
[SourceTitle "CBM 176 Extra"]
[Source "ChessBase"]
[SourceDate "2017.03.02"]
[SourceVersion "1"]
[SourceVersionDate "2017.03.02"]
[SourceQuality "1"]

1. d4 Nf6 2. c4 e6 3. Nf3 d5 4. Nc3 Be7 5. Bg5 h6 6. Bh4 O-O 7. e3 Ne4 8. Bxe7
Qxe7 9. cxd5 Nxc3 10. bxc3 exd5 11. Qb3 c6 12. c4 Be6 13. cxd5 Bxd5 14. Bc4
Bxf3 15. gxf3 b6 16. O-O Nd7 17. Rfd1 Kh8 18. Rac1 Rad8 19. Bf1 c5 20. Qa3 Qg5+
21. Bg2 cxd4 22. f4 Qh5 23. Rxd4 Nc5 24. h3 a5 25. Rb1 Qg6 26. Rbd1 Qf6 27. Qc1
Qe7 28. Qb1 Ne6 29. Rd5 Rxd5 30. Rxd5 Qc7 31. Qf5 Nc5 32. h4 Qe7 33. h5 Kg8 34.
Qe5 Qxe5 35. fxe5 Rb8 36. f4 Kf8 37. Kf2 a4 38. Ke2 Ke7 39. Rd6 a3 40. Bd5 Na4
41. Rc6 Kd7 42. Rc4 b5 43. Rc2 f6 44. e6+ Kd6 45. e4 Nc5 46. f5 b4 47. Ke3 Rb5
48. Rd2 Ke7 49. Bc4 Rb7 50. Rd5 Rc7 51. Kd4 b3 52. Bxb3 Nxb3+ 53. axb3 Ra7 0-1

[Event "Wch Blitz"]
[Site "Doha"]
[Date "2016.12.29"]
[Round "7"]
[White "Radjabov, Teimour"]
[Black "Riazantsev, Alexander"]
[Result "0-1"]
[WhiteElo "2710"]
[BlackElo "2671"]
[PlyCount "56"]
[EventDate "2016.12.29"]
[EventType "swiss (blitz)"]
[EventRounds "21"]
[EventCountry "QAT"]
[SourceTitle "CBM 176 Extra"]
[Source "ChessBase"]
[SourceDate "2017.03.02"]
[SourceVersion "1"]
[SourceVersionDate "2017.03.02"]
[SourceQuality "1"]

1. d4 Nf6 2. Nf3 d5 3. c4 e6 4. g3 Bb4+ 5. Bd2 Be7 6. Bg2 O-O 7. Qc2 Nbd7 8.
O-O c6 9. b3 b6 10. Rd1 Ba6 11. a4 Ne4 12. Bc1 Bb4 13. Ba3 Qe7 14. Bxb4 Qxb4
15. Nbd2 f5 16. Rac1 Rac8 17. e3 Bb7 18. Ne1 Qe7 19. Qb2 c5 20. cxd5 Bxd5 21.
Nxe4 fxe4 22. Nc2 a5 23. h3 Qf7 24. Rd2 cxd4 25. exd4 Qe7 26. Re1 Nf6 27. Ne3
Qb4 28. Qb1 Qxd2 0-1

[Event "Wch Blitz"]
[Site "Doha"]
[Date "2016.12.29"]
[Round "8"]
[White "Pichot, Alan"]
[Black "Radjabov, Teimour"]
[Result "1/2-1/2"]
[WhiteElo "2544"]
[BlackElo "2710"]
[PlyCount "63"]
[EventDate "2016.12.29"]
[EventType "swiss (blitz)"]
[EventRounds "21"]
[EventCountry "QAT"]
[SourceTitle "CBM 176 Extra"]
[Source "ChessBase"]
[SourceDate "2017.03.02"]
[SourceVersion "1"]
[SourceVersionDate "2017.03.02"]
[SourceQuality "1"]

1. e4 e5 2. Nf3 Nc6 3. Bb5 f5 4. Nc3 fxe4 5. Nxe4 Nf6 6. Bxc6 bxc6 7. Qe2 d5 8.
Neg5 e4 9. Ne5 Qe7 10. d4 a5 11. Bf4 Ba6 12. Qd2 Rg8 13. Nxc6 Qd7 14. Ne5 Qf5
15. h3 h6 16. g4 Qc8 17. Ngf7 g5 18. Bg3 Rb8 19. c3 Qb7 20. b3 Qb5 21. h4 Rb6
22. hxg5 hxg5 23. Rb1 Re6 24. a4 Qb6 25. Nxg5 Re7 26. Qf4 c5 27. dxc5 Qxc5 28.
Qxf6 Qxc3+ 29. Kd1 Qd4+ 30. Ke1 Qc3+ 31. Kd1 Qd4+ 32. Ke1 1/2-1/2

[Event "Wch Blitz"]
[Site "Doha"]
[Date "2016.12.29"]
[Round "9"]
[White "Radjabov, Teimour"]
[Black "Matlakov, Maxim"]
[Result "0-1"]
[WhiteElo "2710"]
[BlackElo "2694"]
[PlyCount "116"]
[EventDate "2016.12.29"]
[EventType "swiss (blitz)"]
[EventRounds "21"]
[EventCountry "QAT"]
[SourceTitle "CBM 176 Extra"]
[Source "ChessBase"]
[SourceDate "2017.03.02"]
[SourceVersion "1"]
[SourceVersionDate "2017.03.02"]
[SourceQuality "1"]

1. e4 c5 2. Nf3 e6 3. c3 Nf6 4. e5 Nd5 5. d4 cxd4 6. cxd4 d6 7. exd6 Bxd6 8.
Nc3 O-O 9. Bd3 Nxc3 10. bxc3 Qc7 11. Qc2 h6 12. O-O b6 13. Bh7+ Kh8 14. Be4 Bb7
15. Bxb7 Qxb7 16. Be3 Nd7 17. c4 Rac8 18. Qb3 Qc7 19. Rac1 Nf6 20. h3 Rfd8 21.
Rfe1 Kg8 22. a4 Bf4 23. Rc2 Bxe3 24. Rxe3 Nd5 25. Re1 Ne7 26. Rec1 Nc6 27. Qb2
Qd7 28. Rd1 Na5 29. Qa2 Qc6 30. Ne5 Qe4 31. Re2 Qf4 32. d5 Rd6 33. g3 Qf5 34.
Rd4 Rc7 35. Rf4 Qxh3 36. Re1 exd5 37. cxd5 Re7 38. Re3 Qc8 39. Qe2 Rxd5 40.
Rfe4 Re6 41. Nd3 Rxe4 42. Rxe4 Rd8 43. Ne5 Qc1+ 44. Kg2 Qg5 45. Qf3 Qf6 46. Qe2
Nc6 47. Ng4 Qg6 48. Rf4 h5 49. Ne3 Re8 50. Qb5 Qe6 51. Qxh5 Ne5 52. Re4 Qc6 53.
f3 g6 54. Qh6 Nd3 55. Nf5 Qd5 56. Kh3 Nf2+ 57. Kh4 Rxe4+ 58. fxe4 Qxe4+ 0-1

[Event "Wch Blitz"]
[Site "Doha"]
[Date "2016.12.29"]
[Round "10"]
[White "Radjabov, Teimour"]
[Black "Khusnutdinov, Rustam"]
[Result "1-0"]
[WhiteElo "2710"]
[BlackElo "2458"]
[PlyCount "129"]
[EventDate "2016.12.29"]
[EventType "swiss (blitz)"]
[EventRounds "21"]
[EventCountry "QAT"]
[SourceTitle "CBM 176 Extra"]
[Source "ChessBase"]
[SourceDate "2017.03.02"]
[SourceVersion "1"]
[SourceVersionDate "2017.03.02"]
[SourceQuality "1"]

1. d4 Nf6 2. Bg5 Ne4 3. Bf4 c5 4. dxc5 Qa5+ 5. Nd2 Nxd2 6. Qxd2 Qxc5 7. Nf3 Nc6
8. e3 d6 9. Be2 g6 10. c3 Bg7 11. O-O O-O 12. Rfd1 Bd7 13. Bg3 Rac8 14. h3 Rfd8
15. Rac1 Qb6 16. Nd4 d5 17. Bh4 Re8 18. Nf3 e6 19. c4 Qa5 20. Qxa5 Nxa5 21.
cxd5 Rxc1 22. Rxc1 exd5 23. b3 Rc8 24. Rd1 Be6 25. Bd3 Nc6 26. Bg3 h6 27. Bb1
Kf8 28. Bd6+ Ke8 29. Kf1 Rd8 30. Bc5 b6 31. Ba3 Rc8 32. Bd3 f5 33. Ba6 Rc7 34.
Bd6 Rd7 35. Bg3 Rd8 36. Bb5 Rc8 37. Be5 Kf7 38. Bxg7 Kxg7 39. Bxc6 Rxc6 40. Nd4
Rd6 41. Rc1 Kf6 42. Rc7 a6 43. f4 Bd7 44. Kf2 Ke7 45. b4 a5 46. a3 axb4 47.
axb4 Kd8 48. Ra7 b5 49. Kf3 Rb6 50. g4 fxg4+ 51. hxg4 h5 52. g5 Be8 53. Kg3 Kc8
54. Ra8+ Kd7 55. Nf3 Ke7 56. Ra7+ Kf8 57. Ne5 d4 58. e4 Rd6 59. Ra3 Bf7 60.
Ra8+ Be8 61. Ra3 Bf7 62. f5 gxf5 63. exf5 Bc4 64. Ra8+ Ke7 65. f6+ 1-0

[Event "Wch Blitz"]
[Site "Doha"]
[Date "2016.12.29"]
[Round "12"]
[White "Mareco, Sandro"]
[Black "Radjabov, Teimour"]
[Result "0-1"]
[WhiteElo "2635"]
[BlackElo "2710"]
[PlyCount "74"]
[EventDate "2016.12.29"]
[EventType "swiss (blitz)"]
[EventRounds "21"]
[EventCountry "QAT"]
[SourceTitle "CBM 176 Extra"]
[Source "ChessBase"]
[SourceDate "2017.03.02"]
[SourceVersion "1"]
[SourceVersionDate "2017.03.02"]
[SourceQuality "1"]

1. Nf3 Nf6 2. c4 g6 3. Nc3 Bg7 4. e4 d6 5. d4 O-O 6. Be2 e5 7. O-O Nc6 8. d5
Ne7 9. Ne1 a5 10. Nd3 c6 11. f3 Nh5 12. Be3 c5 13. a3 f5 14. b4 b6 15. bxc5
bxc5 16. Rb1 Nf4 17. Nb5 g5 18. Nxd6 Qxd6 19. Bxc5 Qd7 20. Bf2 Neg6 21. c5
Nxe2+ 22. Qxe2 Ba6 23. c6 Qf7 24. Qc2 g4 25. Bc5 Rfd8 26. fxg4 Bxd3 27. Qxd3
fxe4 28. Qb3 Nf4 29. d6 Qxb3 30. Rxb3 Bf8 31. c7 Rdc8 32. Rfb1 Ne6 33. Rb8 Nxc7
34. dxc7 Bxc5+ 35. Kf1 Bd6 36. R1b7 Kf8 37. Ke2 Raxb8 0-1

[Event "Wch Blitz"]
[Site "Doha"]
[Date "2016.12.30"]
[Round "13"]
[White "Radjabov, Teimour"]
[Black "Dreev, Alexey"]
[Result "1-0"]
[WhiteElo "2710"]
[BlackElo "2652"]
[PlyCount "141"]
[EventDate "2016.12.29"]
[EventType "swiss (blitz)"]
[EventRounds "21"]
[EventCountry "QAT"]
[SourceTitle "CBM 176 Extra"]
[Source "ChessBase"]
[SourceDate "2017.03.02"]
[SourceVersion "1"]
[SourceVersionDate "2017.03.02"]
[SourceQuality "1"]

1. d4 d5 2. c4 c6 3. Nc3 Nf6 4. Nf3 e6 5. Bg5 Nbd7 6. e3 Qa5 7. Nd2 Bb4 8. Qc2
O-O 9. Be2 c5 10. Bxf6 Nxf6 11. Nb3 Bxc3+ 12. bxc3 Qa4 13. Rc1 cxd4 14. cxd4
Qb4+ 15. Qd2 Qxd2+ 16. Nxd2 dxc4 17. Nxc4 Bd7 18. Bf3 Nd5 19. Kd2 Rfc8 20. a3
Kf8 21. Nd6 Rxc1 22. Rxc1 Bc6 23. Nc4 Ke7 24. Na5 Kd7 25. Be2 Ne7 26. f3 Rc8
27. e4 Rc7 28. Bd3 h6 29. Rc3 Ba4 30. Nc4 f6 31. Rc1 b6 32. Rc3 g5 33. g3 Bc6
34. Ne3 Ba4 35. Ng4 Rxc3 36. Kxc3 Ng8 37. Be2 h5 38. Ne3 Ne7 39. f4 gxf4 40.
gxf4 h4 41. Ng4 Ng8 42. Bc4 Bc6 43. d5 exd5 44. exd5 Bb7 45. d6 Bf3 46. Ne3 Nh6
47. Bd3 Kxd6 48. Kd4 Bc6 49. Nc4+ Ke7 50. Ne3 Kd6 51. Nc4+ Ke7 52. Ne3 Bb7 53.
Be2 Kd6 54. Nc4+ Ke7 55. Ne3 Bc6 56. Bd3 Bb7 57. Be2 Kd6 58. Nc4+ Kc7 59. Ne3
a6 60. Nd5+ Bxd5 61. Kxd5 b5 62. Ke6 f5 63. Kf6 Ng4+ 64. Kxf5 Ne3+ 65. Kg5 Kd6
66. Kxh4 Nc2 67. Kg5 Nxa3 68. h4 b4 69. h5 b3 70. h6 b2 71. Bd3 1-0

[Event "Wch Blitz"]
[Site "Doha"]
[Date "2016.12.30"]
[Round "15"]
[White "Radjabov, Teimour"]
[Black "Morozevich, Alexander"]
[Result "1/2-1/2"]
[WhiteElo "2710"]
[BlackElo "2676"]
[PlyCount "59"]
[EventDate "2016.12.29"]
[EventType "swiss (blitz)"]
[EventRounds "21"]
[EventCountry "QAT"]
[SourceTitle "CBM 176 Extra"]
[Source "ChessBase"]
[SourceDate "2017.03.02"]
[SourceVersion "1"]
[SourceVersionDate "2017.03.02"]
[SourceQuality "1"]

1. d4 d5 2. Nf3 Bf5 3. c4 e6 4. Nc3 Nf6 5. Bg5 c6 6. e3 Nbd7 7. Bd3 Bxd3 8.
Qxd3 Be7 9. O-O O-O 10. Rfd1 Qa5 11. a3 Qa6 12. b3 Rfd8 13. Qe2 h6 14. Bh4 Re8
15. Nd2 e5 16. cxd5 Qxe2 17. Nxe2 Nxd5 18. Bxe7 Rxe7 19. Nc4 exd4 20. Nxd4 g6
21. h3 a5 22. Rac1 N7b6 23. Nxb6 Nxb6 24. b4 axb4 25. axb4 Nd7 26. Nb3 Nf6 27.
Nd4 Nd7 28. Nb3 Nf6 29. Nd4 Nd7 30. Nb3 1/2-1/2

[Event "Wch Blitz"]
[Site "Doha"]
[Date "2016.12.30"]
[Round "16"]
[White "Leko, Peter"]
[Black "Radjabov, Teimour"]
[Result "1/2-1/2"]
[WhiteElo "2693"]
[BlackElo "2710"]
[PlyCount "68"]
[EventDate "2016.12.29"]
[EventType "swiss (blitz)"]
[EventRounds "21"]
[EventCountry "QAT"]
[SourceTitle "CBM 176 Extra"]
[Source "ChessBase"]
[SourceDate "2017.03.02"]
[SourceVersion "1"]
[SourceVersionDate "2017.03.02"]
[SourceQuality "1"]

1. e4 e5 2. Nf3 Nc6 3. Bc4 Nf6 4. d3 h6 5. O-O d6 6. c3 g6 7. Re1 Bg7 8. h3 O-O
9. Bb3 Qe7 10. Nbd2 Be6 11. Nf1 Rae8 12. Ng3 Kh8 13. Bxe6 Qxe6 14. d4 Qe7 15.
d5 Nb8 16. c4 Nbd7 17. b4 Nh7 18. Bb2 Ra8 19. Rc1 a5 20. a3 axb4 21. axb4 b6
22. Qd3 Ng5 23. Ra1 h5 24. Rxa8 Rxa8 25. Ra1 Rxa1+ 26. Bxa1 Nxf3+ 27. Qxf3 Bh6
28. Bc3 Kh7 29. Nf1 Kg7 30. g3 Qd8 31. Kg2 Qa8 32. Qd3 Qa2 33. Nd2 Kg8 34. Qb1
Qa6 1/2-1/2

[Event "Wch Blitz"]
[Site "Doha"]
[Date "2016.12.30"]
[Round "17"]
[White "Radjabov, Teimour"]
[Black "Carlsen, Magnus"]
[Result "0-1"]
[WhiteElo "2710"]
[BlackElo "2840"]
[PlyCount "130"]
[EventDate "2016.12.29"]
[EventType "swiss (blitz)"]
[EventRounds "21"]
[EventCountry "QAT"]
[SourceTitle "CBM 176 Extra"]
[Source "ChessBase"]
[SourceDate "2017.03.02"]
[SourceVersion "1"]
[SourceVersionDate "2017.03.02"]
[SourceQuality "1"]

1. d4 d5 2. c4 c6 3. Nf3 Nf6 4. Nc3 dxc4 5. a4 e6 6. e3 c5 7. Bxc4 cxd4 8. exd4
Nc6 9. O-O Be7 10. Re1 O-O 11. Bf4 Nd5 12. Bg3 Bb4 13. Qd3 Nce7 14. Rac1 b6 15.
Bh4 Bb7 16. Nxd5 Bxd5 17. Red1 f6 18. Bg3 Rc8 19. b3 Nf5 20. Bf4 Qd7 21. h3 Ne7
22. Bb5 Qd8 23. Bc4 Qe8 24. Qe2 Qf7 25. Rc2 Rfd8 26. Rdc1 Ba3 27. Re1 Kf8 28.
Bd2 Bd6 29. Rec1 Qe8 30. Qd3 Qg6 31. Qxg6 hxg6 32. Be3 Rc7 33. Nd2 Bb4 34. Bf4
Rcc8 35. Be3 g5 36. Ba6 Rxc2 37. Rxc2 Nf5 38. Bc4 Rc8 39. Nf1 Nd6 40. Bd2 Ba3
41. Ne3 Nxc4 42. bxc4 Bc6 43. a5 Bd6 44. axb6 axb6 45. Rb2 Bc7 46. Bb4+ Kf7 47.
d5 exd5 48. cxd5 Bd7 49. d6 Bd8 50. g4 g6 51. Ra2 f5 52. gxf5 gxf5 53. Re2 Rc1+
54. Kh2 Bc6 55. Re1 Rxe1 56. Bxe1 Ke6 57. Bb4 Bf6 58. Kg1 b5 59. Bc5 Be5 60.
Nc2 Bd7 61. f3 Kd5 62. Be3 f4 63. Bd2 Bxh3 64. Nb4+ Kc4 65. Kh2 Bd7 0-1

[Event "Wch Blitz"]
[Site "Doha"]
[Date "2016.12.30"]
[Round "18"]
[White "Wojtaszek, Radoslaw"]
[Black "Radjabov, Teimour"]
[Result "1-0"]
[WhiteElo "2749"]
[BlackElo "2710"]
[PlyCount "79"]
[EventDate "2016.12.29"]
[EventType "swiss (blitz)"]
[EventRounds "21"]
[EventCountry "QAT"]
[SourceTitle "CBM 176 Extra"]
[Source "ChessBase"]
[SourceDate "2017.03.02"]
[SourceVersion "1"]
[SourceVersionDate "2017.03.02"]
[SourceQuality "1"]

1. Nf3 Nf6 2. c4 c5 3. d4 cxd4 4. Nxd4 Nc6 5. Nc3 e6 6. Bg5 Be7 7. e3 O-O 8.
Be2 h6 9. Bh4 d5 10. cxd5 exd5 11. O-O Be6 12. Rc1 Qd7 13. Nxe6 fxe6 14. Bd3
Rad8 15. Bb1 Qe8 16. Ne2 Bd6 17. Bxf6 Rxf6 18. Ng3 g6 19. e4 Bf4 20. Rc3 d4 21.
Rb3 Qe7 22. Ne2 Bd6 23. f4 e5 24. f5 gxf5 25. Ng3 f4 26. Nf5 Qf7 27. Rh3 Bf8
28. Bc2 Kh8 29. Bb3 Qg6 30. Kh1 Ne7 31. Nh4 Qg7 32. Qh5 d3 33. Qxe5 d2 34. Rd1
Nc6 35. Qh5 Nd4 36. Rxd2 Rfd6 37. e5 Rc6 38. Bd1 Re6 39. Rhd3 Rxe5 40. Qxe5 1-0

[Event "Wch Blitz"]
[Site "Doha"]
[Date "2016.12.30"]
[Round "19"]
[White "Radjabov, Teimour"]
[Black "Nguyen, Ngoc Truong Son"]
[Result "1-0"]
[WhiteElo "2710"]
[BlackElo "2629"]
[PlyCount "117"]
[EventDate "2016.12.29"]
[EventType "swiss (blitz)"]
[EventRounds "21"]
[EventCountry "QAT"]
[SourceTitle "CBM 176 Extra"]
[Source "ChessBase"]
[SourceDate "2017.03.02"]
[SourceVersion "1"]
[SourceVersionDate "2017.03.02"]
[SourceQuality "1"]

1. e4 e5 2. Nf3 Nc6 3. Bc4 Bc5 4. c3 Nf6 5. d3 O-O 6. O-O d5 7. exd5 Nxd5 8. h3
Nb6 9. Bb5 Bd6 10. Re1 Re8 11. Nbd2 a6 12. Bxc6 bxc6 13. Ne4 f6 14. Be3 Be6 15.
d4 Nc4 16. dxe5 Nxe5 17. Nxd6 cxd6 18. Nd4 Qd7 19. Nxe6 Rxe6 20. Qe2 Ng6 21.
Rad1 Qb7 22. b3 Rae8 23. Qd2 Qe7 24. Qd3 Nf4 25. Qxa6 Nd5 26. Bd2 Qd7 27. Rxe6
Rxe6 28. c4 Ne7 29. Qa5 Kf7 30. Qh5+ Kg8 31. Be3 g6 32. Qf3 Nf5 33. Rd3 h5 34.
a4 Qc7 35. g3 Kf7 36. Kg2 Qb7 37. a5 Qa6 38. Bb6 Ne7 39. Qf4 Nc8 40. Qh6 Nxb6
41. axb6 Qxb6 42. Qh7+ Kf8 43. Qxg6 Qc5 44. Rf3 Ke7 45. Qg8 Qd4 46. Qh7+ Kd8
47. Qxh5 Qe4 48. Qf5 Qe1 49. h4 Ke7 50. h5 Qc1 51. Qd3 Kd7 52. Re3 Rxe3 53.
Qxe3 Qc2 54. Qf3 Ke7 55. Qxc6 Qxb3 56. h6 Kf7 57. Qd7+ Kg6 58. Qg7+ Kf5 59. h7
1-0

[Event "Wch Blitz"]
[Site "Doha"]
[Date "2016.12.30"]
[Round "20"]
[White "Radjabov, Teimour"]
[Black "Naiditsch, Arkadij"]
[Result "1/2-1/2"]
[WhiteElo "2710"]
[BlackElo "2687"]
[PlyCount "84"]
[EventDate "2016.12.29"]
[EventType "swiss (blitz)"]
[EventRounds "21"]
[EventCountry "QAT"]
[SourceTitle "CBM 176 Extra"]
[Source "ChessBase"]
[SourceDate "2017.03.02"]
[SourceVersion "1"]
[SourceVersionDate "2017.03.02"]
[SourceQuality "1"]

1. d4 Nf6 2. Nf3 e6 3. Bg5 c5 4. e3 d5 5. Nbd2 Be7 6. c3 O-O 7. Bd3 b6 8. O-O
Ba6 9. Bxa6 Nxa6 10. Ne5 Nb8 11. Rc1 Nfd7 12. Bxe7 Qxe7 13. f4 Nxe5 14. fxe5
Nd7 15. Qe2 f6 16. exf6 Rxf6 17. Rxf6 Nxf6 18. Nf3 Ne4 19. Rf1 Rf8 20. Ne5 Rf6
21. Rf3 Ng5 22. Rf1 Nf7 23. Rxf6 gxf6 24. Qg4+ Kf8 25. Nf3 cxd4 26. exd4 Nd6
27. Qf4 Nc4 28. b3 Nd6 29. Qh6+ Kg8 30. Qf4 b5 31. h3 a5 32. Qg3+ Kf8 33. Qf4
b4 34. Qe3 Nf5 35. Qd2 bxc3 36. Qxc3 Qb4 37. Qc8+ Kf7 38. Qc7+ Ne7 39. Qf4 Nf5
40. Qc7+ Ne7 41. Qf4 Nf5 42. Qc7+ Ne7 1/2-1/2

[Event "Wch Blitz"]
[Site "Doha"]
[Date "2016.12.30"]
[Round "21"]
[White "Mchedlishvili, Mikheil"]
[Black "Radjabov, Teimour"]
[Result "1/2-1/2"]
[WhiteElo "2601"]
[BlackElo "2710"]
[PlyCount "26"]
[EventDate "2016.12.29"]
[EventType "swiss (blitz)"]
[EventRounds "21"]
[EventCountry "QAT"]
[SourceTitle "CBM 176 Extra"]
[Source "ChessBase"]
[SourceDate "2017.03.02"]
[SourceVersion "1"]
[SourceVersionDate "2017.03.02"]
[SourceQuality "1"]

1. d4 Nf6 2. c4 g6 3. g3 c6 4. Bg2 d5 5. cxd5 cxd5 6. Nf3 Bg7 7. Ne5 O-O 8. Nc3
e6 9. O-O Nfd7 10. Nf3 Nf6 11. Ne5 Nfd7 12. Nf3 Nf6 13. Ne5 Nfd7 1/2-1/2